Happiest Countries - Statistics

General Stats
  • This quiz has been taken 76 times
    54 since last reset
  • The average score is 12 of 20
Answer Stats
Ranking Answer % Correct
6 Canada
92%
5 Sweden
90%
1 Denmark
88%
2 Norway
88%
10 Australia
86%
7 Finland
86%
9 Iceland
82%
13 New Zealand
82%
18 Ireland
74%
3 Switzerland
68%
4 Netherlands
64%
8 Austria
60%
19 Luxembourg
52%
16 Mexico
50%
12 Costa Rica
36%
17 USA
30%
11 Israel
24%
15 Panama
16%
20 Venezuela
14%
14 UAE
8%
No matching quizzes found
Score Distribution
Percent of People with Each Score
Percentile by Number Answered
Your Score History
You have not taken this quiz since the last reset